| 000 | 00355nam a22001217a 4500 | ||
|---|---|---|---|
| 082 | _a220 PRO | ||
| 100 |
_aAAQIB, AHSAN, BILAL _972057 |
||
| 245 | _aPR-SOF-1277-DESIGN AND FABRICATION OF LOW HEAD VERTICAL KAPLAN TURBINE | ||
| 260 |
_aISLAMABAD _bNUST COLLEGE OF EME _c2013 |
||
| 650 | _aDE-MECH-31 | ||
| 700 |
_aSUPERVISOR SADIA RIAZ _972058 |
||
| 942 | _cCR | ||
| 999 |
_c578259 _d578259 |
||